Statistics for 20 Countries on a Topological Map #6

Click here to take the quiz!

General Stats

  • This quiz has been taken 610 times
  • The average score is 18 of 20

Answers on the Map

Answers color-coded by a green-red scale on the quiz's map according to % correct below.
 

Answer Stats

Country% Correct
China
97%
Bolivia
95%
Honduras
94%
Guyana
93%
Libya
93%
Vatican City
92%
Switzerland
91%
Eritrea
90%
Luxembourg
90%
Somalia
90%
Bhutan
89%
Bosnia and Herzegovina
89%
Lithuania
89%
Slovenia
89%
Botswana
88%
Republic of the Congo
88%
Central African Republic
87%
Uzbekistan
87%
Gabon
85%
North Macedonia
84%

Score Distribution

Percentile by Number Answered

Percent of People with Each Score

Your Score History

You have not taken this quiz